| 000 | 00784cam a2200253 a 4500 | ||
|---|---|---|---|
| 003 | UPN | ||
| 005 | 20220530124659.0 | ||
| 008 | 191211s2009 sp gr 000 f spa d | ||
| 020 | _a9788493703004 | ||
| 035 | _aUPN01000234787 | ||
| 040 |
_aMX-MxUPN _bspa _cMX-MxUPN |
||
| 050 | 1 | 4 |
_aPQ2678 O4.4 _bT3.718 |
| 100 | 1 |
_aRoger, Marie-Sabine, _d1957- _944581 |
|
| 245 | 1 | 0 |
_aTardes con Margueritte / _cMarie-Sabine Roger ; traducción de Sofía Tros de Ilarduya |
| 260 |
_aBarcelona : _bDuomo, _c2009. |
||
| 300 | _a210 páginas | ||
| 490 | _aNefelibata | ||
| 500 | _aTítulo original: La tete en friche. | ||
| 650 | 2 |
_922525 _aNovela francesa _ySiglo XXI |
|
| 700 | 1 |
_944622 _aTros de Ilarduya, Sofia _etraductor |
|
| 905 | _aLibro | ||
| 942 |
_2lcc _cLIBRO _n0 |
||
| 999 |
_c206882 _d206882 |
||